• 首页
  • 本馆介绍
  • 公告通知
  • 最新文献
  • 馆藏检索
  • 电子资源
  • 读者导购
  • 参考咨询
  • 我的图书馆
  • 登录
  • 详细信息显示
  • 放入我的书架
  • 预约/预借图书
  • 作者相关作品
  • 分类相关作品
  • 丛书相关作品
  • 出版社相关作品

书目信息

  • 表格格式
  • 工作单格式
  • 卡片格式
题名:
汉语是这样美丽的
    
 
作者: 史仲文 著
分册:  
出版信息: 北京   北京工业大学出版社  2007
页数: 355页
开本: 24cm
丛书名:
单 册:
中图分类: H1-05
科图分类:
主题词: 汉语--语言美学 , 汉语 , 语言美学
电子资源:
ISBN: 978-7-5639-1853-9
000 00862nam0 2200253 45
001 1050657078
005 20100416095750.15
010    @a978-7-5639-1853-9@dCNY36.00
100    @a20100408d2007 ekmy0chiy0120 ea
101 0  @achi
102    @aCN@b110000
105    @ay z 000yy
106    @ar
200 1  @a汉语是这样美丽的@AHan Yu Shi Zhe Yang Mei Li De@f史仲文著@FShi Zhong Wen Zhu
210    @a北京@c北京工业大学出版社@d2007
215    @a355页@d24cm
330    @a本书以汉语语言为中心,从审美的角度出发,向内分析了汉语之构成成分——文字、文辞、文句、文韵之美,向外则论述了由汉语语言为媒介的中国文学的文篇、文体、文法、文风、文论、文变等六大题目。
606 0  @a汉语@x语言美学
606 0  @a汉语
606 0  @a语言美学
690    @aH1-05@v4
701  0 @a史仲文@AShi Zhong Wen@4著
801  0 @aCN@bTANGWEI@c20100416
905    @b0589168-72@dH1-05@e162@f5
    
    汉语是这样美丽的/史仲文著.-北京:北京工业大学出版社,2007
    355页;24cm
    
    
    ISBN 978-7-5639-1853-9:CNY36.00
    本书以汉语语言为中心,从审美的角度出发,向内分析了汉语之构成成分——文字、文辞、文句、文韵之美,向外则论述了由汉语语言为媒介的中国文学的文篇、文体、文法、文风、文论、文变等六大题目。
●
相关链接 在E读中查询图书 在五车中查询图书 在当当中查询图书 在豆瓣中查询图书


正题名:汉语是这样美丽的     索取号:H1-05/162         预约/预借

序号 登录号 条形码 馆藏地/架位号 状态 备注
1 0589168   205891686   第二样本阅览室/ [索取号:H1-05/162] 在馆    
2 0589169   205891695   第四借阅区/ [索取号:H1-05/162] 在馆    
3 0589170   205891702   第四借阅区/ [索取号:H1-05/162] 在馆    
4 0589171   205891711   第四借阅区/ [索取号:H1-05/162] 在馆    
5 0589172   205891720   第四借阅区/ [索取号:H1-05/162] 在馆    
唐山师范学院图书馆 欢迎您!
大连网信软件有限公司© 版权所有